000 00759nam a2200181Ia 4500
008 090123s9999 xx 000 0 und d
082 _b3772
_a891.463/काकोड
100 _aकाकोडकर चंद्रकांत कल्याणदास
245 _aनवरा विकत घ्यायचाय
250 _a1
260 _bमाधव प्रिंटिंग
_c1974
300 _a158
600 _aकाकोडकर चंद्रकांत कल्याणदास
630 _aनवरा विकत घ्यायचाय
700 _aकाकोडकर चंद्रकांत कल्याणदास
730 _aनवरा विकत घ्यायचाय
942 _cBOOK
999 _c41848
_d41848